Everything Is Better with Mom Quiz Stats

 Plays Quiz Updated May 13, 2012

Also try: Po' Li'l Quiz
Challenge
Share
Tweet
Score 0/25 Timer 06:00
0 Plays Today
MA + Clue MA Word % Correct
MA + Crow soundcaw → macaw
88.1%
MA + Singer SummerDonna → Madonna
85.7%
MA + Queen's mateking → making
84.3%
MA + Tool hutshed → mashed
80.8%
MA + Videogame hedgehogSonic → Masonic
80.1%
MA + A person from Glasgow, e.g. Scot → mascot
80%
MA + Lord's wifelady → malady
79.8%
MA + Rabbit-fronted cerealTrix → matrix
75.4%
MA + Hoover or Aswan, e.g.dam → madam
74.6%
MA + Nits on your headlice → malice
73.4%
MA + First person in Spanishyo → mayo
72.9%
MA + Part of the psycheid → maid
70.2%
MA + Neither's partnernor → manor
69.1%
MA + Clue MA Word % Correct
MA + Belowunder → maunder
61.6%
MA + Rigid and inflexiblestiff → mastiff
61.5%
MA + More tidyneater → Maneater
60.3%
MA + Actress Peeples or Longnia → mania
55.1%
MA + Tidies upcleans → Maclean's
54.3%
MA + Prisonercon → Macon
53.9%
MA + Disney Sci-fi filmTron → matron
53.8%
MA + British mathematician AlanTuring → maturing
52.3%
MA + Fishing toolnet → Manet
51.7%
MA + Relating to the topicthematic → mathematic
50.5%
MA + Greek letterxi → maxi
39.8%
MA + Wildebeestsgnus → Magnus
32.1%

You're not logged in!

Compare scores with friends on all Sporcle quizzes.
Join for Free
OR
Log In

You Might Also Like...

Show Comments

Extras

Top Quizzes Today


Score Distribution

Your Account Isn't Verified!

In order to create a playlist on Sporcle, you need to verify the email address you used during registration. Go to your Sporcle Settings to finish the process.

Report this User

Report this user for behavior that violates our Community Guidelines.

Details: